000 00561cam a2200229 a 4500
001 4771838
005 20180126074333.0
008 860521s1986 ilua e 001 0 eng
010 _a 86050622
020 _a071663192X (set)
040 _aDLC
_cDLC
_dDLC
041 _aeng
042 _alcac
080 _a503.21
082 0 0 _a503.21 BIN
_219
100 _a9
101 _aMJE
245 0 4 _aThe World Book encyclopedia of science.
906 _a7
_bcbc
_corignew
_d2
_eocip
_f19
_gy-gencatlg
942 _2ddc
_cBK
999 _c41001
_d41001